[Event "VIII CAMPEONATO CONTINENTAL DE LAS AMERI"]
[Site "Hotel Casa Campestre - Cochaba"]
[Date "2013.05.12"]
[Round "7"]
[White "Bruzon Batista, Lazaro"]
[Black "Mekhitarian, Krikor Sevag"]
[Result "1-0"]
[WhiteElo "2707"]
[BlackElo "2551"]
[PlyCount "125"]
[EventDate "2013.05.07"]
[EventRounds "11"]
[EventCountry "BOL"]

1. e4 e5 2. Nf3 Nc6 3. Bc4 Bc5 4. O-O Nf6 5. d3 d6 6. c3 a6 7. Bb3 h6 8. Re1
Ba7 9. Nbd2 O-O 10. Nf1 Re8 11. h3 Be6 12. N3h2 d5 13. Qf3 dxe4 14. dxe4 Bxb3
15. axb3 Qe7 16. Ng3 Qe6 17. Nf5 Ne7 18. Ng4 Nxg4 19. Qxg4 Nxf5 20. exf5 Qf6
21. Qf3 c6 22. Ra4 Rad8 23. Rae4 Rd5 24. g3 g6 25. g4 gxf5 26. gxf5 Kh7 27. Kf1
Red8 28. Qh5 R5d6 29. Rxe5 Rd1 30. Rxd1 Rxd1+ 31. Qxd1 Qxe5 32. Qd7 Qd5 33.
Qxd5 cxd5 34. Ke2 Kg7 35. Be3 Bb8 36. Kf3 h5 37. Bf4 Ba7 38. Be5+ Kf8 39. Kg3
Ke7 40. Kh4 Bxf2+ 41. Kxh5 b5 42. Bd4 Be1 43. b4 Bd2 44. b3 Bf4 45. Kg4 Bd2 46.
Kf3 Bg5 47. Be5 Bh6 48. h4 Bc1 49. Ke2 f6 50. Bd4 Bf4 51. h5 Kf7 52. Be3 Be5
53. Kd3 Kg7 54. c4 dxc4+ 55. bxc4 bxc4+ 56. Kxc4 Kf7 57. Bd2 Bd6 58. Kd5 Bf8
59. Kc6 Kg7 60. Kd7 Kg8 61. Ke6 Bg7 62. h6 Bf8 63. Kxf6 1-0

[Event "VIII CAMPEONATO CONTINENTAL DE LAS AMERI"]
[Site "Hotel Casa Campestre - Cochaba"]
[Date "2013.05.12"]
[Round "7"]
[White "Iturrizaga, Eduardo"]
[Black "Ruiz C, Joshua D"]
[Result "1-0"]
[WhiteElo "2655"]
[BlackElo "2370"]
[PlyCount "41"]
[EventDate "2013.05.07"]
[EventRounds "11"]
[EventCountry "BOL"]

1. Nf3 Nf6 2. c4 c5 3. Nc3 e6 4. d4 cxd4 5. Nxd4 a6 6. g3 Qc7 7. Bg2 Nc6 8. O-O
Be7 9. b3 O-O 10. Bb2 Rd8 11. Rc1 Ne5 12. Qd2 Bc5 13. Na4 d6 14. Rfd1 Ba7 15.
Nb5 axb5 16. cxb5 Qd7 17. b6 Bb8 18. Bxe5 dxe5 19. Rxc8 Rxc8 20. Qxd7 Nxd7 21.
Bxb7 1-0

[Event "VIII CAMPEONATO CONTINENTAL DE LAS AMERI"]
[Site "Hotel Casa Campestre - Cochaba"]
[Date "2013.05.12"]
[Round "7"]
[White "Bachmann, Axel"]
[Black "Ortiz Suarez, Isan Reynaldo"]
[Result "0-1"]
[WhiteElo "2531"]
[BlackElo "2598"]
[PlyCount "90"]
[EventDate "2013.05.07"]
[EventRounds "11"]
[EventCountry "BOL"]

1. e4 c5 2. Nf3 d6 3. d4 cxd4 4. Nxd4 Nf6 5. Nc3 a6 6. h3 e6 7. g4 h6 8. g5
hxg5 9. Bxg5 Nc6 10. Qd2 Qb6 11. Nb3 Qc7 12. O-O-O b5 13. Bd3 Bb7 14. f4 Nh7
15. Bh4 Nf6 16. Bg5 Nh7 17. Bh4 Nf6 18. Bf2 Na5 19. Bd4 Nxb3+ 20. axb3 b4 21.
Na4 Nxe4 22. Qxb4 Nc5 23. Rhe1 Rxh3 24. Bc4 Nxa4 25. Qxa4+ Bc6 26. Bxe6 fxe6
27. Qc4 O-O-O 28. Rxe6 Bb7 29. Qe2 Kb8 30. Rg1 Rxb3 31. Re8 Rh3 32. Bxg7 Bxg7
33. Rxd8+ Qxd8 34. Rxg7 Rh1+ 35. Kd2 Qa5+ 36. c3 Qd5+ 37. Kc2 Qe4+ 38. Qxe4
Bxe4+ 39. Kb3 Rh7 40. Rg8+ Kb7 41. Kc4 Rf7 42. Rg4 Bf5 43. Rh4 Kc6 44. b4 Re7
45. Kb3 Re3 0-1

[Event "VIII CAMPEONATO CONTINENTAL DE LAS AMERI"]
[Site "Hotel Casa Campestre - Cochaba"]
[Date "2013.05.12"]
[Round "7"]
[White "Leiva, Giuseppe"]
[Black "Pacheco, Marco"]
[Result "1/2-1/2"]
[WhiteElo "2388"]
[BlackElo "2384"]
[PlyCount "141"]
[EventDate "2013.05.07"]
[EventRounds "11"]
[EventCountry "BOL"]

1. Nf3 d5 2. c4 c6 3. e3 Nf6 4. Nc3 g6 5. Qb3 Bg7 6. cxd5 cxd5 7. Bb5+ Nc6 8.
Ne5 Qd6 9. Qa4 Bd7 10. Bxc6 bxc6 11. d4 O-O 12. Qa5 Rfc8 13. Na4 Bf5 14. Bd2
Nd7 15. Nxd7 Qxd7 16. O-O h5 17. Nc5 Qe8 18. Bc3 h4 19. h3 Qd8 20. Qxd8+ Rxd8
21. Rad1 Rdc8 22. b3 g5 23. Rc1 a5 24. Bd2 f6 25. Na4 Ra6 26. Rc5 Rca8 27. Rfc1
Bd7 28. R5c2 Be8 29. f3 f5 30. Rf1 Bf6 31. f4 g4 32. Rfc1 g3 33. Kf1 Kf7 34.
Rd1 e6 35. Bc1 Be7 36. Bd2 Bd6 37. Re1 Bd7 38. Ke2 Be8 39. Kd1 Rb8 40. Kc1 Ke7
41. Kb2 Kf7 42. a3 Ke7 43. Rec1 Kd7 44. Ka2 Ke7 45. Rb1 Bh5 46. Be1 Be8 47. Nb2
Kd7 48. a4 Kc7 49. Nd3 Kd7 50. Bd2 Ke7 51. Bc1 Kf7 52. Ba3 Bc7 53. Bc5 Rba8 54.
Ka3 Kf6 55. Bf8 Kf7 56. Bh6 Bd6+ 57. Ka2 Kg6 58. Bg5 Kh5 59. Ne1 Rc8 60. Rbc1
Ra7 61. Nf3 Rac7 62. Bxh4 c5 63. dxc5 Rxc5 64. Rxc5 Rxc5 65. Kb2 Rxc1 66. Kxc1
d4 67. Kd2 dxe3+ 68. Kxe3 Bc5+ 69. Ke2 Bc6 70. Bxg3 Bd5 71. Bf2 1/2-1/2

[Event "VIII CAMPEONATO CONTINENTAL DE LAS AMERI"]
[Site "Hotel Casa Campestre - Cochaba"]
[Date "2013.05.12"]
[Round "7"]
[White "Vasquez Schroeder, Rodrigo"]
[Black "Zambrana, Oswaldo"]
[Result "1-0"]
[WhiteElo "2554"]
[BlackElo "2478"]
[PlyCount "67"]
[EventDate "2013.05.07"]
[EventRounds "11"]
[EventCountry "BOL"]

1. c4 c6 2. d4 d5 3. cxd5 cxd5 4. e4 Nf6 5. Nc3 e6 6. Nf3 Be7 7. exd5 Nxd5 8.
Bd3 O-O 9. O-O Nc6 10. Re1 Nf6 11. a3 b6 12. Bg5 Bb7 13. Bc2 Rc8 14. Qd3 g6 15.
Rad1 Re8 16. h4 a6 17. Bb3 Na5 18. Ba2 b5 19. Ne5 Nd5 20. Bxe7 Rxe7 21. Ne4 Nc4
22. Bxc4 bxc4 23. Qg3 Rec7 24. Nc5 Rxc5 25. dxc5 Rxc5 26. h5 Qc7 27. hxg6 hxg6
28. Qh4 Kg7 29. Ng4 Qf4 30. Re4 Qf5 31. Re5 Qf4 32. Rg5 e5 33. Qh6+ Kg8 34.
Nxe5 1-0

[Event "VIII CAMPEONATO CONTINENTAL DE LAS AMERI"]
[Site "Hotel Casa Campestre - Cochaba"]
[Date "2013.05.12"]
[Round "7"]
[White "Perez Garcia, Rodney Oscar"]
[Black "Lenderman, Aleksandr"]
[Result "0-1"]
[WhiteElo "2381"]
[BlackElo "2585"]
[PlyCount "78"]
[EventDate "2013.05.07"]
[EventRounds "11"]
[EventCountry "BOL"]

1. e4 c6 2. d4 d5 3. Nd2 dxe4 4. Nxe4 Bf5 5. Ng3 Bg6 6. N1e2 Nf6 7. Nf4 Nbd7 8.
Be3 Qc7 9. h4 O-O-O 10. Nxg6 hxg6 11. Qf3 Qa5+ 12. c3 e5 13. Bc4 exd4 14. Bxd4
Ne5 15. Bxe5 Qxe5+ 16. Kf1 Rd7 17. Re1 Qa5 18. Bb3 Qb5+ 19. Qe2 Qb6 20. Ne4 Bc5
21. Nxc5 Qxc5 22. Rh3 a5 23. Qe3 Qb5+ 24. Qe2 a4 25. Qxb5 cxb5 26. Bc2 Kc7 27.
a3 Kb6 28. Rd1 Rxd1+ 29. Bxd1 Kc5 30. b3 Rd8 31. b4+ Kc4 32. Be2+ Kb3 33. c4+
Kb2 34. c5 Ne4 35. Re3 Nd2+ 36. Ke1 Nc4 37. Re7 Nxa3 38. Rxb7 Nc2+ 39. Kf1 a3
0-1

[Event "VIII CAMPEONATO CONTINENTAL DE LAS AMERI"]
[Site "Hotel Casa Campestre - Cochaba"]
[Date "2013.05.12"]
[Round "7"]
[White "Cubas, Jose Fernando"]
[Black "Cornejo, Max"]
[Result "1-0"]
[WhiteElo "2550"]
[BlackElo "2380"]
[PlyCount "106"]
[EventDate "2013.05.07"]
[EventRounds "11"]
[EventCountry "BOL"]

1. e4 e5 2. Nf3 Nf6 3. Nxe5 d6 4. Nf3 Nxe4 5. Nc3 Nxc3 6. dxc3 Be7 7. Be3 Nc6
8. Qd2 Be6 9. O-O-O Qd7 10. h4 h6 11. Kb1 a6 12. h5 Ne5 13. b3 Nxf3 14. gxf3
Bf6 15. Bd4 Qe7 16. Rg1 O-O-O 17. Rxg7 Bxg7 18. Bxg7 Qg5 19. Qxg5 hxg5 20. h6
Rh7 21. f4 g4 22. Bd3 f5 23. Kc1 Kd7 24. Kd2 Ke7 25. f3 g3 26. Rg1 Rg8 27. Ke1
Rgxg7 28. hxg7 Rxg7 29. Kf1 Kf6 30. Kg2 Bd5 31. c4 Bc6 32. b4 b6 33. Rh1 a5 34.
a3 axb4 35. axb4 Bb7 36. Ra1 Bc6 37. c5 bxc5 38. bxc5 Bb7 39. cxd6 cxd6 40. Rb1
d5 41. Rb2 Bc8 42. Rb6+ Ke7 43. Ba6 Bxa6 44. Rxa6 Rg8 45. Rc6 Kf7 46. c3 Ke7
47. Rc5 Kd6 48. Ra5 Re8 49. Ra3 Kc5 50. Kxg3 Kd6 51. Ra6+ Ke7 52. Ra3 Ke6 53.
Rb3 Ke7 1-0

[Event "VIII CAMPEONATO CONTINENTAL DE LAS AMERI"]
[Site "Hotel Casa Campestre - Cochaba"]
[Date "2013.05.12"]
[Round "7"]
[White "Cori, Jorge"]
[Black "Ynojosa, Felix Jose"]
[Result "0-1"]
[WhiteElo "2546"]
[BlackElo "2371"]
[PlyCount "111"]
[EventDate "2013.05.07"]
[EventRounds "11"]
[EventCountry "BOL"]

1. d4 Nf6 2. c4 e6 3. g3 c5 4. d5 exd5 5. cxd5 b5 6. Bg2 d6 7. Nf3 Be7 8. O-O
O-O 9. Re1 Nbd7 10. e4 Rb8 11. Nbd2 Re8 12. a4 a6 13. axb5 axb5 14. b4 cxb4 15.
Nb3 Bb7 16. Nfd4 Bf8 17. f3 Nc5 18. Be3 Qb6 19. Ra5 Nxd5 20. exd5 Rxe3 21. Rxe3
Nxb3 22. Rxb5 Qxd4 23. Qxd4 Nxd4 24. Rb6 Nc2 25. Re4 f5 26. Rexb4 Nxb4 27. Rxb4
Kf7 28. Bf1 Ke7 29. Bd3 g6 30. Ba6 Bxa6 31. Rxb8 Bc4 32. Rb7+ Kf6 33. Rxh7 Bxd5
34. Kf2 Bf7 35. Rh8 Bg7 36. Rb8 Ke6 37. Ke3 Bh6+ 38. f4 g5 39. h3 gxf4+ 40.
gxf4 Bg7 41. Kd3 Bf6 42. Ra8 Bh5 43. Ke3 Bd1 44. Ra7 Bc2 45. Rh7 Be4 46. h4 d5
47. h5 d4+ 48. Kd2 Be7 49. Rh6+ Kf7 50. Rh7+ Kf8 51. h6 Bd6 52. Rh8+ Kf7 53. h7
Kg7 54. Rd8 Kxh7 55. Rxd6 Kg7 56. Rxd4 0-1

[Event "VIII CAMPEONATO CONTINENTAL DE LAS AMERI"]
[Site "Hotel Casa Campestre - Cochaba"]
[Date "2013.05.12"]
[Round "7"]
[White "Hambleton, Aman"]
[Black "Principe, Alexander"]
[Result "1/2-1/2"]
[WhiteElo "2468"]
[BlackElo "2261"]
[PlyCount "110"]
[EventDate "2013.05.07"]
[EventRounds "11"]
[EventCountry "BOL"]

1. d4 Nf6 2. c4 g6 3. Nc3 Bg7 4. e4 d6 5. f3 O-O 6. Be3 c5 7. Nge2 Nc6 8. Qd2
Qa5 9. O-O-O cxd4 10. Nxd4 Nxd4 11. Bxd4 Be6 12. Kb1 Rfc8 13. Nd5 Qxd2 14. Rxd2
Bxd5 15. cxd5 Nd7 16. Bb5 Ne5 17. b3 a6 18. Be2 Nd7 19. Kb2 Bxd4+ 20. Rxd4 Rc7
21. Rc1 Rac8 22. Rxc7 Rxc7 23. f4 Kg7 24. h4 h6 25. g3 Kf6 26. Bg4 Nc5 27. Bd1
g5 28. b4 Nd7 29. a4 gxf4 30. gxf4 a5 31. bxa5 Nc5 32. Bg4 Na6 33. Be2 Nc5 34.
Bg4 Na6 35. h5 Rc5 36. Be2 Rxa5 37. Bxa6 bxa6 38. Kb3 Rc5 39. Rc4 Rxc4 40. Kxc4
e5 41. dxe6 fxe6 42. Kd4 Ke7 43. Kc3 Kf6 44. Kc4 Ke7 45. Kb4 Kf6 46. Kc4 Ke7
47. Kc3 Kf7 48. Kd4 Kf6 49. a5 Ke7 50. e5 Kd7 51. exd6 Kxd6 52. Ke4 Kd7 53. f5
Ke7 54. Kf4 exf5 55. Kxf5 Kf7 1/2-1/2

[Event "VIII CAMPEONATO CONTINENTAL DE LAS AMERI"]
[Site "Hotel Casa Campestre - Cochaba"]
[Date "2013.05.12"]
[Round "7"]
[White "Cuellar, Diego"]
[Black "Gonzalez, Bernal"]
[Result "0-1"]
[WhiteElo "2323"]
[BlackElo "2461"]
[PlyCount "46"]
[EventDate "2013.05.07"]
[EventRounds "11"]
[EventCountry "BOL"]

1. e4 c5 2. Nc3 Nc6 3. f4 g6 4. Nf3 Bg7 5. Bc4 e6 6. f5 Nge7 7. fxe6 fxe6 8. d3
d5 9. Bb3 b5 10. O-O c4 11. dxc4 dxc4 12. Qxd8+ Nxd8 13. Nxb5 cxb3 14. Nc7+ Kd7
15. Nxa8 bxc2 16. Rf2 Bb7 17. Rd2+ Kc8 18. Rxc2+ Ndc6 19. Be3 Bxa8 20. Bxa7 Rf8
21. Rb1 Rf7 22. Bb6 Bf6 23. b4 Kb7 0-1

[Event "VIII CAMPEONATO CONTINENTAL DE LAS AMERI"]
[Site "Hotel Casa Campestre - Cochaba"]
[Date "2013.05.12"]
[Round "7"]
[White "Cueto, Jonny"]
[Black "Sarkar, Justin"]
[Result "0-1"]
[WhiteElo "2263"]
[BlackElo "2437"]
[PlyCount "102"]
[EventDate "2013.05.07"]
[EventRounds "11"]
[EventCountry "BOL"]

1. d4 Nf6 2. Bg5 d5 3. Nf3 Ne4 4. Bf4 c5 5. e3 Qb6 6. Qc1 Nc6 7. c3 f6 8. h3
cxd4 9. exd4 e5 10. Be3 exd4 11. Nxd4 Bc5 12. Nc2 Bxe3 13. Nxe3 O-O 14. Bd3 Ne5
15. Be2 Be6 16. O-O Rac8 17. Nc2 Ng3 18. Re1 d4 19. cxd4 Nxe2+ 20. Rxe2 Qxd4
21. Nba3 Qb6 22. Qe3 Qxe3 23. Rxe3 Bf7 24. Nd4 Rfd8 25. Nf3 Nxf3+ 26. Rxf3 a6
27. Re3 b5 28. Re2 b4 29. Nc2 Bc4 30. Re7 Rd2 31. Ne3 Bb5 32. b3 Rcd8 33. Rc1
Kf8 34. Rcc7 R8d7 35. Rexd7 Bxd7 36. Ra7 Bb5 37. Nf5 g6 38. Ne3 h5 39. h4 f5
40. Rc7 f4 41. Nc4 Rxa2 42. Ne5 Rb2 43. Nxg6+ Ke8 44. Nxf4 Rxb3 45. g4 Rc3 46.
Nd5 Rxc7 47. Nxc7+ Kf7 48. Nd5 b3 49. f3 b2 50. Nc3 a5 51. Kf2 a4 0-1

[Event "VIII CAMPEONATO CONTINENTAL DE LAS AMERI"]
[Site "Hotel Casa Campestre - Cochaba"]
[Date "2013.05.12"]
[Round "7"]
[White "Latorre, Matias"]
[Black "Prasca Sosa, Rafael"]
[Result "1/2-1/2"]
[WhiteElo "2254"]
[BlackElo "2426"]
[PlyCount "87"]
[EventDate "2013.05.07"]
[EventRounds "11"]
[EventCountry "BOL"]

1. e4 e6 2. d4 d5 3. Nc3 Bb4 4. e5 b6 5. Qg4 Bf8 6. Nf3 Qd7 7. Bb5 c6 8. Be2
Ne7 9. O-O h6 10. Rd1 Ba6 11. a4 Bxe2 12. Nxe2 Na6 13. Nf4 g6 14. b3 Nf5 15.
Qh3 h5 16. a5 b5 17. c3 Be7 18. Nd3 c5 19. dxc5 Nxc5 20. Nxc5 Bxc5 21. Bg5 Be7
22. g4 Nh6 23. Bxh6 hxg4 24. Qxg4 Rxh6 25. c4 bxc4 26. bxc4 d4 27. Rxd4 Qc6 28.
Rb1 Rh5 29. Qe4 Qxe4 30. Rxe4 Bd8 31. Rb7 Bxa5 32. Rf4 Rf5 33. Rh4 O-O-O 34.
Rxa7 Bb6 35. Ra8+ Kb7 36. Rxd8 Bxd8 37. Rd4 Rxf3 38. Rxd8 Rf5 39. Rd4 Kc6 40.
Re4 Rg5+ 41. Kf1 Kc5 42. h4 Rh5 43. Kg2 g5 44. hxg5 1/2-1/2

[Event "VIII CAMPEONATO CONTINENTAL DE LAS AMERI"]
[Site "Hotel Casa Campestre - Cochaba"]
[Date "2013.05.12"]
[Round "7"]
[White "Cornejo P, Guillermo"]
[Black "Gutierrez, Carmelo"]
[Result "0-1"]
[WhiteElo "2222"]
[BlackElo "2253"]
[PlyCount "75"]
[EventDate "2013.05.07"]
[EventRounds "11"]
[EventCountry "BOL"]

1. e4 e6 2. d3 c5 3. Nf3 Nc6 4. g3 g6 5. Bg2 Bg7 6. O-O Nge7 7. Re1 d6 8. c3
O-O 9. d4 cxd4 10. cxd4 Qb6 11. d5 Bxb2 12. Be3 Qd8 13. Nbd2 exd5 14. Rb1 Bg7
15. Bg5 h6 16. Bh4 d4 17. g4 Rb8 18. h3 Be6 19. Nb3 Bxb3 20. Qxb3 b5 21. Nd2 g5
22. Bg3 Be5 23. Nf1 Ng6 24. Rec1 Qd7 25. Qd5 Nce7 26. Qb3 a6 27. Qa3 Rb6 28.
Nd2 Rc8 29. Nc4 Rbc6 30. Na5 Rc3 31. Nb3 Rxc1+ 32. Rxc1 Rxc1+ 33. Qxc1 Qc6 34.
Qa3 Qb6 35. Qb2 d3 36. Qd2 b4 37. h4 gxh4 38. Bf1 0-1

[Event "VIII CAMPEONATO CONTINENTAL DE LAS AMERI"]
[Site "Hotel Casa Campestre - Cochaba"]
[Date "2013.05.12"]
[Round "7"]
[White "Lopez, Diego"]
[Black "Cori T., Deysi"]
[Result "0-1"]
[WhiteElo "2171"]
[BlackElo "2430"]
[PlyCount "80"]
[EventDate "2013.05.07"]
[EventRounds "11"]
[EventCountry "BOL"]

1. Nf3 Nf6 2. c4 g6 3. Nc3 Bg7 4. e4 d6 5. d4 O-O 6. Be2 Bg4 7. Be3 Nfd7 8. Ng1
Bxe2 9. Ngxe2 e5 10. d5 f5 11. exf5 gxf5 12. f4 Nf6 13. Qd2 Nbd7 14. O-O-O a6
15. Kb1 Qe7 16. h3 exf4 17. Nxf4 Ne5 18. Qe2 b5 19. Bd4 b4 20. Na4 Ne4 21. Rhe1
Qd7 22. b3 Rae8 23. Ne6 Rxe6 24. dxe6 Qxe6 25. g4 Ng3 26. Qg2 f4 27. c5 Qg6+
28. Ka1 Kh8 29. Nb2 Nf5 30. Bg1 Nh4 31. Qd5 Nhf3 32. Rxe5 Nxe5 33. cxd6 c6 34.
Qd4 Nf3 35. Qc5 Qf6 36. Qc2 Nxg1 37. Rxg1 Qxd6 38. Kb1 f3 39. Rf1 Qe5 40. Kc1
Rd8 0-1

[Event "VIII CAMPEONATO CONTINENTAL DE LAS AMERI"]
[Site "Hotel Casa Campestre - Cochaba"]
[Date "2013.05.12"]
[Round "7"]
[White "Martinez Alcantara, Jose Eduar"]
[Black "Parraga, Alejandro"]
[Result "1-0"]
[WhiteElo "2208"]
[BlackElo "2163"]
[PlyCount "73"]
[EventDate "2013.05.07"]
[EventRounds "11"]
[EventCountry "BOL"]

1. e4 e6 2. d4 d5 3. Nc3 Nf6 4. e5 Nfd7 5. f4 c5 6. Nf3 Nc6 7. Be3 a6 8. Qd2 b5
9. a3 g5 10. fxg5 cxd4 11. Nxd4 Ncxe5 12. Nf3 Bg7 13. O-O-O Bb7 14. Nxe5 Bxe5
15. Be2 Qc7 16. Rhf1 Rf8 17. Bf4 Rc8 18. Bxe5 Nxe5 19. Rfe1 Nc4 20. Bxc4 dxc4
21. h4 Rd8 22. Qf2 Rxd1+ 23. Rxd1 Rg8 24. Ne2 a5 25. Nf4 c3 26. Nh5 cxb2+ 27.
Kb1 Rg6 28. Nf6+ Kf8 29. Qd4 Bxg2 30. Nxh7+ Ke7 31. h5 e5 32. Qh4 Qc3 33. Rd3
Qc4 34. Qxc4 bxc4 35. Rg3 Rg7 36. Nf6 Bf1 37. h6 1-0

[Event "VIII CAMPEONATO CONTINENTAL DE LAS AMERI"]
[Site "Hotel Casa Campestre - Cochaba"]
[Date "2013.05.12"]
[Round "7"]
[White "Martinez, Ariel A"]
[Black "Arias, Juan Carlos"]
[Result "1-0"]
[WhiteElo "2203"]
[BlackElo "2113"]
[PlyCount "144"]
[EventDate "2013.05.07"]
[EventRounds "11"]
[EventCountry "BOL"]

1. e4 e6 2. d4 d5 3. Nc3 dxe4 4. Nxe4 Nd7 5. Nf3 Ngf6 6. Bg5 Be7 7. Bxf6 Nxf6
8. Bd3 O-O 9. Qe2 c5 10. O-O-O Bd7 11. Ne5 Bc6 12. Ng5 Qc7 13. Rhe1 Bd6 14. f4
cxd4 15. g4 Bd5 16. Ngxf7 Rxf7 17. g5 Bxe5 18. fxe5 Nd7 19. Bxh7+ Kxh7 20. Qh5+
Kg8 21. g6 Rf2 22. Rd2 Rf5 23. Qh7+ Kf8 24. Qh8+ Ke7 25. Qxg7+ Kd8 26. Qh8+ Rf8
27. g7 Qc5 28. gxf8=Q+ Qxf8 29. Qh4+ Kc7 30. Qxd4 Qc5 31. c4 Qxd4 32. Rxd4 Bc6
33. h4 Rh8 34. Re3 Rh5 35. Rg4 Nxe5 36. Rf4 Ng6 37. Rg4 Ne5 38. Rf4 Ng6 39. Rf6
Nxh4 40. Rfxe6 Nf5 41. R3e5 Rh1+ 42. Kd2 Rh6 43. Rxh6 Nxh6 44. Kc3 Kd6 45. Ra5
a6 46. Rg5 Nf7 47. Rg7 Ne5 48. b4 Nd7 49. Rh7 Ke5 50. Rh5+ Kd6 51. Rh7 Ke5 52.
b5 axb5 53. cxb5 Kd6 54. Rh6+ Kc5 55. bxc6 bxc6 56. Rh5+ Kb6 57. Rf5 Nc5 58. a4
Nb7 59. Kb4 c5+ 60. Ka3 Na5 61. Rf6+ Kb7 62. Kb2 Ka7 63. Kc3 Kb7 64. Kd3 Ka7
65. Ke4 Nc4 66. Rc6 Nb6 67. a5 Nc4 68. Rxc5 Nd6+ 69. Ke5 Nb7 70. Rb5 Ka6 71.
Rb6+ Ka7 72. Kd5 Nxa5 1-0

[Event "VIII CAMPEONATO CONTINENTAL DE LAS AMERI"]
[Site "Hotel Casa Campestre - Cochaba"]
[Date "2013.05.12"]
[Round "7"]
[White "Celis, Kevin"]
[Black "Rios, Cristhian Camilo"]
[Result "0-1"]
[WhiteElo "2134"]
[BlackElo "2362"]
[PlyCount "62"]
[EventDate "2013.05.07"]
[EventRounds "11"]
[EventCountry "BOL"]

1. e4 c5 2. Nf3 d6 3. d4 cxd4 4. Nxd4 Nf6 5. Nc3 e6 6. Be2 Be7 7. f4 Nc6 8. Be3
O-O 9. O-O Bd7 10. Kh1 Nxd4 11. Bxd4 Bc6 12. Bd3 Qb8 13. a4 e5 14. Be3 exf4 15.
Bxf4 Nd7 16. Qe1 Bf6 17. Qg3 Be5 18. Bc4 Bxf4 19. Rxf4 Ne5 20. Bb3 Qc7 21. Raf1
Rae8 22. Nd1 b5 23. Ne3 bxa4 24. Ba2 Kh8 25. Rh4 Bd7 26. Nf5 Ng6 27. Rh5 Rxe4
28. Qxd6 Qd8 29. Ng3 Re7 30. h3 Qb6 31. Qd3 Bc8 0-1

[Event "VIII CAMPEONATO CONTINENTAL DE LAS AMERI"]
[Site "Hotel Casa Campestre - Cochaba"]
[Date "2013.05.12"]
[Round "7"]
[White "Gemy, Jose Daniel"]
[Black "Mendoza, Rodrigo"]
[Result "1/2-1/2"]
[WhiteElo "2320"]
[BlackElo "2148"]
[PlyCount "65"]
[EventDate "2013.05.07"]
[EventRounds "11"]
[EventCountry "BOL"]

1. e4 c6 2. d4 d5 3. e5 Bf5 4. h4 h5 5. Ne2 g6 6. Ng3 Bg4 7. f3 Be6 8. Nc3 Bh6
9. Bd3 Nd7 10. Nce2 Bxc1 11. Qxc1 Nh6 12. Nf4 Nf8 13. c3 Bf5 14. Bxf5 Nxf5 15.
Nxf5 gxf5 16. Qc2 e6 17. Qb3 Qc7 18. O-O-O O-O-O 19. Rh3 Qe7 20. Qb4 Qxb4 21.
cxb4 Ng6 22. Nxg6 fxg6 23. Kd2 Kd7 24. Rg1 Rdf8 25. Ke3 Kc7 26. g4 hxg4 27.
fxg4 g5 28. gxf5 Rxf5 29. h5 Rh6 30. Rh2 Kb6 31. b3 Kb5 32. a3 b6 33. Rg4
1/2-1/2

[Event "VIII CAMPEONATO CONTINENTAL DE LAS AMERI"]
[Site "Hotel Casa Campestre - Cochaba"]
[Date "2013.05.12"]
[Round "7"]
[White "Herrera, Fernando"]
[Black "Sabas, Jorge"]
[Result "0-1"]
[WhiteElo "2086"]
[BlackElo "2302"]
[PlyCount "48"]
[EventDate "2013.05.07"]
[EventRounds "11"]
[EventCountry "BOL"]

1. Nf3 Nf6 2. d4 g6 3. g3 Bg7 4. Bg2 O-O 5. O-O d6 6. c4 Nc6 7. Nc3 Bf5 8. Nh4
Bd7 9. h3 Na5 10. b3 c5 11. dxc5 dxc5 12. Ba3 Qc8 13. Rc1 Bxh3 14. Bxh3 Qxh3
15. Bxc5 Ng4 16. Nf3 Nc6 17. Nd5 Bh6 18. Nxe7+ Nxe7 19. Bxe7 Rfe8 20. Qd7 Nxf2
21. Qxh3 Nxh3+ 22. Kg2 Rxe7 23. Rce1 Ng5 24. Nd4 Bg7 0-1

[Event "VIII CAMPEONATO CONTINENTAL DE LAS AMERI"]
[Site "Hotel Casa Campestre - Cochaba"]
[Date "2013.05.12"]
[Round "7"]
[White "Medrano, Mario"]
[Black "Aguilar, Andres"]
[Result "0-1"]
[WhiteElo "2085"]
[BlackElo "2233"]
[PlyCount "140"]
[EventDate "2013.05.07"]
[EventRounds "11"]
[EventCountry "BOL"]

1. e4 c5 2. Nf3 Nc6 3. d4 cxd4 4. Nxd4 Nf6 5. Nc3 d6 6. Bc4 e6 7. Be3 a6 8. f3
Qc7 9. Bb3 b5 10. Nxc6 Qxc6 11. Qd2 Be7 12. a4 Bd7 13. axb5 axb5 14. O-O O-O
15. Rxa8 Rxa8 16. Rd1 Qb7 17. Ne2 Bc6 18. Nd4 Nd7 19. Nxc6 Qxc6 20. c3 Nc5 21.
Bc2 Ra2 22. Bb1 Ra8 23. Qc2 g6 24. f4 Ra1 25. Rf1 d5 26. exd5 Qxd5 27. Qd1 Qxd1
28. Rxd1 Na4 29. Bc2 Rxd1+ 30. Bxd1 Nxb2 31. Be2 Nc4 32. Bd4 f6 33. Bf3 Kf7 34.
Bc6 b4 35. cxb4 Bxb4 36. Kf2 Na5 37. Ba4 Nb7 38. Bc6 Nd8 39. Ba4 Ke7 40. g4 Nf7
41. Bc2 Bd6 42. f5 gxf5 43. gxf5 e5 44. Be3 Bb4 45. Kf3 Nd6 46. Kg4 Nc4 47. Bh6
Bd2 48. Kh5 Bxh6 49. Kxh6 Ne3 50. Bd3 Ng4+ 51. Kxh7 Nxh2 52. Kh6 Ng4+ 53. Kh5
Nf2 54. Be2 e4 55. Kh4 Kd6 56. Kg3 Nd3 57. Kg4 Ke5 58. Bf1 Nf4 59. Ba6 Nd5 60.
Bc8 Ne3+ 61. Kg3 Nxf5+ 62. Kf2 Nd4 63. Ke3 f5 64. Bb7 f4+ 65. Kd2 f3 66. Ke3
Nf5+ 67. Kf2 Kf4 68. Ba6 e3+ 69. Kg1 Ng3 70. Bb5 f2+ 0-1

[Event "VIII CAMPEONATO CONTINENTAL DE LAS AMERI"]
[Site "Hotel Casa Campestre - Cochaba"]
[Date "2013.05.12"]
[Round "7"]
[White "Rojas Barrero, Andres Humberto"]
[Black "Molina, Jorge"]
[Result "1/2-1/2"]
[WhiteElo "2227"]
[BlackElo "2144"]
[PlyCount "84"]
[EventDate "2013.05.07"]
[EventRounds "11"]
[EventCountry "BOL"]

1. e4 d5 2. exd5 Nf6 3. Nc3 Nxd5 4. Bc4 e6 5. Qf3 Nb6 6. Bb5+ c6 7. Bd3 N8d7 8.
Qg3 Nf6 9. Kf1 Qd6 10. b3 Nbd5 11. Nxd5 Qxd5 12. Nf3 Nh5 13. Qe5 Qxe5 14. Nxe5
Nf6 15. Bb2 Nd7 16. Nc4 b6 17. Re1 Bb7 18. Be4 O-O-O 19. d3 c5 20. f4 Bxe4 21.
Rxe4 Nf6 22. Re2 Bd6 23. g3 Bc7 24. Kg2 Rhg8 25. Rf1 Nd5 26. a3 Ne7 27. Ne3 Nd5
28. Ng4 Ne7 29. Ne5 Rdf8 30. Nc4 Rd8 31. h3 h6 32. Be5 Nc6 33. Bb2 Ne7 34. Ne5
Rdf8 35. Nf3 Rd8 36. d4 cxd4 37. Nxd4 Rd7 38. Nf3 Nc6 39. c4 Ne7 40. Nd4 Kb7
41. Nb5 Bb8 42. Nd4 Bc7 1/2-1/2

[Event "VIII CAMPEONATO CONTINENTAL DE LAS AMERI"]
[Site "Hotel Casa Campestre - Cochaba"]
[Date "2013.05.12"]
[Round "7"]
[White "Arias, Pablo"]
[Black "Kropff, Ricardo"]
[Result "1/2-1/2"]
[WhiteElo "2050"]
[BlackElo "2224"]
[PlyCount "72"]
[EventDate "2013.05.07"]
[EventRounds "11"]
[EventCountry "BOL"]

1. e4 c5 2. Nf3 d6 3. d4 cxd4 4. Nxd4 Nf6 5. Nc3 a6 6. f3 e5 7. Nb3 Be6 8. Be3
Nbd7 9. Qd2 Be7 10. O-O-O O-O 11. g4 b5 12. Kb1 b4 13. Nd5 Bxd5 14. exd5 a5 15.
g5 Nh5 16. Bh3 Nb6 17. Bf1 a4 18. Nc1 Nf4 19. Bxf4 exf4 20. h4 a3 21. b3 Ra5
22. Nd3 Nxd5 23. Nxb4 Nxb4 24. Qxb4 d5 25. Qxf4 Bd6 26. Qd2 Qc7 27. Rg1 Bf4 28.
Qd4 Rc5 29. Rg2 Re8 30. h5 Be5 31. Re2 Re6 32. Qa4 Ra5 33. Qb4 Bd6 34. Qd4 Be5
35. Qb4 Bd6 36. Qd4 Be5 1/2-1/2